000 01758cam a22004574i 4500
003 PE-LiUPU
005 20250731173143.0
008 150623s1997 tnua rb 000 0 eng d
020 _a0805410619
035 _a(Sirsi) i9780805410617
040 _aPE-LiUPU
_bspa
_cPE-LiUPU
_erda
049 _aPRUA
082 0 4 _a254.002
_bP82
_221
245 0 0 _aChurch administration hand book :
_ba revised and completely updated edition /
_cBruce P. Powers: ed.
264 1 _aNashville, Tennessee :
_bBroadman & Holman Publisher,
_c1997.
300 _a303 páginas :
_bilustraciones ;
_c23 centímetros
336 _atext
_2rdacontent
337 _aunmediated
_2rdamedia
338 _avolume
_2rdacarrier
504 _aIncluye bibligrafía.
505 0 _aHow a minister relates to organizations and people -- How a minister performs administrative responsabilities -- How a minister develops leadership and ministry skills.
526 _aSEG42
526 _aSEG41
526 _aSEG40
526 _aSEG39
526 _aP94
526 _aP87
526 _aP86
526 _aP85
526 _aP77
526 _aP76
526 _aP35
650 0 4 _aAdministración de iglesias
_vManuales.
700 1 _aPowers, Bruce P.,
_eeditor.
942 _2ddc
_cBOOK
949 _a254.002 P82
_wDEWEY
_c1
_i52974
_d2016-10-19
_e2016-10-10
_lCCODEBUL1
_mBUL
_n1
_p24.00
_r0
_sY
_tBOOK
_u2015-6-24
_xTEOLOGIA
_PP35
_0COMPRA
_o.STAFF. Colección General
994 _aC0
_bPEPRU
596 _a1
999 _a254.002 P82
_wDEWEY
_c34824
_i52974
_d34824
_e2016-10-10
_f2021-11-10
_g5
_lCCODEBUL1
_mBUL
_n1
_p24.00
_r0
_sY
_tBOOK
_u2015-6-24
_xTEOLOGIA
_PP35
_0COMPRA
_o.STAFF. Colección Teología
980 _81
_gALBERTO SANCHEZ Responsable de Automatización